000 00293nam a2200121 4500
999 _c11804
_d11804
003 OSt
005 20230727164459.0
008 230727b ||||| |||| 00| 0 eng d
245 _aHuman Settlements performance standards
260 _aNew York
_bUnited nations
300 _a83p;
942 _2ddc